Paesi più vicini alla Corea del Sud - Statistics

Statistiche generali
  • Questo quiz è stato fatto 128 volte
  • Il punteggio medio è 17 su 21
Statistiche sulle risposte
km nazione % Corretto
263 Cina
100%
0 Corea del Nord
100%
50 Giappone
100%
455 Russia
95%
1040 Mongolia
92%
990 Taiwan
91%
2712 India
90%
2221 Vietnam
90%
2789 Cambogia
88%
2766 Thailandia
88%
3334 Indonesia
87%
2603 Laos
86%
2615 Birmania
84%
1434 Filippine
84%
3014 Malesia
83%
3301 Bangladesh
73%
3323 Bhutan
72%
3334 Brunei
60%
3217 Kazakistan
57%
2879 Micronesia
43%
2956 Palau
33%
Nessun quiz corrispondente trovato
Distribuzione punteggi
Percentuale di utenti per punteggio
Percentile per numero di risposta
I tuoi punteggi nel tempo
Non hai fatto questo quiz